| 000 | 01086cam a2200289 4500 | ||
|---|---|---|---|
| 001 | 0000004247 | ||
| 005 | 20170406115656.0 | ||
| 008 | 711029s1971 nyuj b 000 0 eng | ||
| 010 | _a 78140498 | ||
| 020 | _a0394315464 | ||
| 035 | _9(DLC) 78140498 | ||
| 040 |
_aDLC _cDLC _dDLC |
||
| 050 | 0 | 0 |
_aPS3511.A86 _bB439 1971 |
| 082 | 0 | 0 | _a813/.5/2 |
| 100 | 1 |
_aUtley, Francis Lee, _d1907-1974, _ecomp. |
|
| 245 | 1 | 0 |
_aBear, man, and God : _beight approaches to William Faulkner's The bear. / _cEdited by Francis Lee Utley, Lynn Z. Bloom [and] Arthur F. Kinney. |
| 250 | _a2d ed. | ||
| 260 |
_aNew York : _bRandom House, _c[1971] |
||
| 300 |
_axii, 336 p. : _bgeneal. table. ; _c24 cm. |
||
| 500 | _aIncludes complete text of The bear and selections from other works by W. Faulkner. | ||
| 504 | _aBibliography: p. 317-336. | ||
| 600 | 1 | 0 |
_aFaulkner, William, _d1897-1962. _tBear. |
| 700 | 1 | 2 |
_aFaulkner, William, _d1897-1962. _tBear. _f1971. |
| 700 | 1 |
_aBloom, Lynn Z., _d1934-, _ejoint comp. |
|
| 700 | 1 |
_aKinney, Arthur F., _d1933-, _ejoint comp. |
|
| 908 | _a140902 | ||
| 999 |
_c4081 _d4081 |
||